000 00924nam a2200217 i 4500
001 181613
003 ES-MaACL
005 20251002163224.0
008 130225s1925 sp | |||| ||spa d
080 _a821.134.2-82"14"
100 1 _aUlloa Pereira, Luis de,
_d1584-1674
_9152351
245 1 0 _aMemorias familiares y literarias del poeta Luis de Ulloa y Pereira /
_cpúblicalas la Sociedad de Bibliófilos Españoles ; pr. de Miguel Artigas.
260 _aMadrid :
_bSociedad de Bibliófilos Españoles,
_c1925 (
_fImp. de Ramona Velasco)
300 _aLXXXII, 197 p. ;
_c23 cm.
490 1 _aSociedad de Bibliófilos Españoles. Segunda época ;
_v2
700 1 _aArtigas Ferrando, Miguel,
_d1887-1947
_923471
710 2 _aSociedad de Bibliófilos Españoles.
_96661
830 1 0 _aSociedad de Bibliófilos Españoles. Segunda época
_v2
_9191496
852 4 _aES-MaACL
_jJ-7(II-2)
999 _c181613
_d181613